Effects of corporate social responsibility on food safety
Štúdia ako prvá rozvíja teoretickú analýzu korporátnej sociálnej zodpovednosti v potravinárskom priemysle týkajúcej sa najmä potravinovej bezpečnosti a kvality. Zistenie, že aktívna cenová regulácia štátu nie je vhodným riešením, pretože znižuje kvalitu potravín, zatiaľ čo kvalita potravín znižuje z...
Salvato in:
| Autore principale: | |
|---|---|
| Altri autori: | , |
| Natura: | Capitolo di libro |
| Lingua: | inglese |
| Soggetti: | |
| Tags: |
Nessun Tag, puoi essere il primo ad aggiungerne!!
|
MARC
| LEADER | 00000naa a2200000 4500 | ||
|---|---|---|---|
| 001 | 0239294 | ||
| 005 | 20220805075035.1 | ||
| 041 | 0 | |a eng | |
| 044 | |a CZ | ||
| 245 | 1 | 0 | |a Effects of corporate social responsibility on food safety |c You-Hua Chen, Pu-Yan Nie, Yong-Cong Yang |
| 520 | |a Štúdia ako prvá rozvíja teoretickú analýzu korporátnej sociálnej zodpovednosti v potravinárskom priemysle týkajúcej sa najmä potravinovej bezpečnosti a kvality. Zistenie, že aktívna cenová regulácia štátu nie je vhodným riešením, pretože znižuje kvalitu potravín, zatiaľ čo kvalita potravín znižuje zisky monopolov. Problém potravinovej bezpečnosti najmä v rozvojových krajinách, v Číne a v Brazílii. Praktická implementácia na dvoch modeloch. | ||
| 610 | 2 | 0 | |a korporácie |
| 610 | 2 | 0 | |a zodpovednosť podniku spoločenská |
| 610 | 2 | 0 | |a monopoly |
| 610 | 2 | 0 | |a priemysel potravinársky |
| 610 | 2 | 0 | |a bezpečnosť |
| 610 | 2 | 0 | |a kvalita potravín |
| 610 | 2 | 0 | |a regulácia cenová |
| 610 | 2 | 0 | |a krajiny rozvojové |
| 610 | 2 | 0 | |a Čína |
| 610 | 2 | 0 | |a Brazília |
| 100 | 1 | |a Chen, You-Hua | |
| 700 | 1 | |a Nie, Pu-Yan | |
| 700 | 1 | |a Yang, Yong-Cong | |